000 00967nam0a22002651 4500
001 v19\rc\1565817
005 20260405235821.0
035 _a(NLR Aleph) 005236516
090 _a5659982
_c5659982
100 _a20061002d1891 |||y0rusy50 ca
101 0 _arus
102 _aRU
105 _ay z |||c|
200 1 _aОчерк всеобщей истории музыки
_fЛ. Саккетти
205 _a2-е изд., испр. и доп.
210 _aСанкт-Петербург
_aМосква
_cВ. Бессель и К°
_d1891
_eСанкт-Петербург
215 _a[6], 308, VIII, [2] с.
_d23
700 1 _8rus
_7ca
_aСаккетти
_bЛ. А.
_f1852-1916
_gЛиверий Антонович
_3RU\NLR\AUTH\77109423
_992348
801 0 _aRU
_bNLR
_c20061002
_gpsbo
801 0 _aRU
_bRuMoRGB
_c20061002
_2psbo
801 1 _aRU
_bProSoft-M
_c20061002
_2rusmarc
801 2 _aRU
_bNLR
_c20120413
_2rusmarc
852 _aNLR
_j18.298.2.46
942 _cBOOK
980 _aNB